000 00874ngm a22003370a 4500
001 PT14254
003 AR-LpoUNG
005 20210201235842.0
007 vd cvaizq
008 191001ss.f.||||ag |||||||||||||||||spa d
037 _c$5
040 _aAR-LpoUNG
_bspa
_cAR-LpoUNG
_eaacr
041 _aspa
044 _aag
082 0 _a320.1 522ed
245 1 0 _aUna clase dividida
260 _aBuenos Aires :
_bAmnesty Internacional Argentina,
_cs.f..
650 4 _aABUSO DE MENORES
650 4 _aBIENESTAR DE LA INFANCIA
650 4 _aDERECHOS DEL NIÑO
650 4 _aDERECHOS HUMANOS
650 4 _aESTADO
650 4 _aNIÑOS
650 4 _aPROBLEMAS SOCIALES
653 _aDOCUMENTALES
653 _aVIDEOS
710 2 _aAmnesty Internacional (Argentina)
710 2 _aAsociación pro Derechos Humanos (España)
905 _a14254
942 _cVIDEO
999 _c53603
_d53603